| 000 | 00996nam a22002297a 4500 | ||
|---|---|---|---|
| 003 | OSt | ||
| 005 | 20250819143847.0 | ||
| 008 | 241007b |||||||| |||| 00| 0 eng d | ||
| 040 | _c0 | ||
| 082 | _aDPer 613.705 J826 January-December 2020 v. 91 n. 1-9 | ||
| 100 |
_aBittner, Melissa. _eauthor. _962439 |
||
| 245 |
_a12 Myths and facts about physical education for students with disabilities / _cMelissa Bittner, Lisa Silliman-French, Lauren J. Lieberman, and Rebecca Lytle. |
||
| 260 |
_aVirginia ; _bAmerican Alliance for Health , _cJanuary 2020. |
||
| 300 |
_aVolume 91, pages 24-32 : _b illustration ; _c28 cm. |
||
| 500 | _aThe Journal of Physical Education Recreation & Dance, vol. 91, no. 1, pages 24-32, January 2020. | ||
| 650 | 0 |
_aPhysical education. _950439 |
|
| 700 |
_aBittner, Melissa. _eauthor. _962440 |
||
| 700 |
_aSilliman-French, Lisa. _eauthor. _964387 |
||
| 700 |
_aLieberman, Lauren J. _eauthor. _964388 |
||
| 700 |
_aLytle, Rebecca. _eauthor. _964389 |
||
| 942 |
_2ddc _cPER |
||
| 999 |
_c22302 _d22302 |
||